00616nam a2200193Ia 450000500170000000800410001704000190005804100120007708200220008910000190011124500900013026000280022030000200024850400500026865000600031865100130037870000210039185000100041220231125132336.0131103s9999 xx 000 0 und d aLoreto College aEnglish a759.4 bCEZ- RAY  aRaynal,Maurice aCEZANNEcMaurice Raynal;translated by James EmmonsbBiographical and critical studies a[s.l.]bSkirac[19 - ?] a139 p.b illus. aIncludes bibliographical references and index aCezanne,Paul,1939 - 1906 - Criticism and Interpretation aPainting aEmmons,James,tr. aLCLIB